Movies Quiz

Random Movies or Actor Quiz

Jack Black Movies Quiz Stats

 Plays Quiz Updated Jan 13, 2019

Score 0/52 Timer 08:00
2 Plays Today
Year Name of Movie % Correct
2003School of Rock
86.3%
2016Kung Fu Panda 3
80.7%
2011Kung Fu Panda 2
79.1%
2008Kung Fu Panda
76%
2006Tenacious D in the Pick of Destiny
68.4%
2001Shallow Hal
67.2%
2010Gulliver's Travels
66.2%
2017Jumanji: Welcome to the Jungle
53.7%
2006Nacho Libre
52.8%
2004Anchorman
44.9%
2015Goosebumps
43.5%
2008Tropic Thunder
34.4%
2011Bernie
33.5%
2005King Kong
30.6%
2006The Holiday
29.4%
2018The House with a Clock in Its Walls
28.6%
2000High Fidelity
28.3%
2002Orange County
27.2%
2009Year One
25.9%
2001Saving Silverman
24.8%
1996The Cable Guy
23.4%
2007Walk Hard: The Dewey Cox Story
23.3%
2004Shark Tale
20.8%
2004Envy
17.7%
2008Be Kind Rewind
17.3%
2017The Polka King
15.7%
Year Name of Movie % Correct
2002Ice Age
14.1%
2011The Big Year
14%
1998Enemy of the State
12.3%
2015The D Train
11.6%
1997The Jackal
11.6%
1996Mars Attacks
10.2%
2018Don't Worry, He Won't Get Far on Foot
9.6%
1994The Neverending Story III
8.2%
1996Bio-Dome
7.8%
1993Airborne
7.4%
1998I Still Know What You Did Last Summer
7.1%
1995Waterworld
6.5%
1995Dead Man Walking
6%
2018Unexpected Race
5.8%
2007Margot at the Wedding
5.5%
1992Bob Roberts
5.2%
1993Demolition Man
5%
1997Bongwater
4.3%
1999Jesus' Son
4.3%
1999Cradle Will Rock
4.1%
2002Run Ronnie Run
4.1%
1996The Fan
4.1%
1995Bye Bye Love
3.5%
1998Johnny Skidmarks
3%
1997Crossworlds
2.9%
1999The Love Letter
2.9%

You're not logged in!

Compare scores with friends on all Sporcle quizzes.
OR
Log In

You Might Also Like...

Show Comments

Extras

Top Quizzes Today


Score Distribution

Your Account Isn't Verified!

In order to create a playlist on Sporcle, you need to verify the email address you used during registration. Go to your Sporcle Settings to finish the process.

Report this User

Report this user for behavior that violates our Community Guidelines.

Details: